000 00383nam a2200121Ia 4500
008 191206s9999 xx 000 0 und d
020 _a0948107383 (pbk.) :
245 0 _amedieval treasury: the art of the Middle Ages in the Victoria and Albert Museum
260 _aThe Museum
260 _cc1986
300 _a248 p. : ill. (some col.) ; 24 cm.
999 _c17374
_d17374